书目信息 |
| 题名: |
云水谣
|
|
| 作者: | 苏岸 编著 | |
| 分册: | ||
| 出版信息: | 沈阳 辽宁科学技术出版社 2019 |
|
| 页数: | 1册 | |
| 开本: | 19×26cm | |
| 丛书名: | ||
| 单 册: | ||
| 中图分类: | J228.5 | |
| 科图分类: | ||
| 主题词: | 插图(绘画)--作品集--中国--现代 | |
| 电子资源: | ||
| ISBN: | 978-7-5591-1132-6 | |
| 000 | 00761nam0 2200217 450 | |
| 001 | 2369429533 | |
| 005 | 20231123191718.49 | |
| 010 | @a978-7-5591-1132-6@dCNY58.00 | |
| 100 | @a20190921d2019 em y0chiy50 ea | |
| 101 | 0 | @achi |
| 102 | @aCN@b210000 | |
| 105 | @aa z 000yy | |
| 200 | 1 | @a云水谣@Ayun shui yao@e苏岸aoi幻想插画画集@f苏岸编著 |
| 210 | @a沈阳@c辽宁科学技术出版社@d2019 | |
| 215 | @a1册@d19×26cm | |
| 330 | @a本书分两部分,前一部分是精选80幅插画作品,分成云水、传说,长相和,入墨几个小类,后一部分是5个水彩绘画教程,分别是云龙、双鱼、并蒂、如玉如歌、雨女。 | |
| 606 | 0 | @a插图(绘画)@x作品集@y中国@z现代 |
| 690 | @aJ228.5@v5 | |
| 701 | 0 | @a苏岸@Asu an@4编著 |
| 801 | 0 | @aCN@b大连网信软件有限公司图书馆·11@c20231123 |
| 905 | @aBZT@dJ228.5@e3 | |
| 云水谣:苏岸aoi幻想插画画集/苏岸编著.-沈阳:辽宁科学技术出版社,2019 |
| 1册;19×26cm |
| ISBN 978-7-5591-1132-6:CNY58.00 |
| 本书分两部分,前一部分是精选80幅插画作品,分成云水、传说,长相和,入墨几个小类,后一部分是5个水彩绘画教程,分别是云龙、双鱼、并蒂、如玉如歌、雨女。 |
| ● |
| 相关链接 |
|
|
|
正题名:云水谣
索取号:J228.5/3
 
预约/预借
| 序号 | 登录号 | 条形码 | 馆藏地/架位号 | 状态 | 备注 |
| 1 | 2001046637 | 2001046637 | 中教第一批/山东中教(第一批)/481/ [索取号:J228.5/3] | 在馆 | |
| 2 | 2001046638 | 2001046638 | 中教第一批/山东中教(第一批)/481/ [索取号:J228.5/3] | 在馆 | |
| 3 | 2001046639 | 2001046639 | 中教第一批/山东中教(第一批)/481/ [索取号:J228.5/3] | 在馆 | |
| 4 | 2001046640 | 2001046640 | 中教第一批/山东中教(第一批)/481/ [索取号:J228.5/3] | 在馆 | |
| 5 | 2001046641 | 2001046641 | 中教第一批/山东中教(第一批)/481/ [索取号:J228.5/3] | 在馆 | |
| 6 | 2001046642 | 2001046642 | 中教第一批/山东中教(第一批)/481/ [索取号:J228.5/3] | 在馆 |